Émissions TV par images n°1 - Statistiques

Statistiques générales
  • Ce quiz a été pris 458 fois
  • Le résultat moyen est 14 sur 16
Statistiques - réponses
Par images Réponse % Correct
The voice
99%
Koh-lanta
97%
Danse avec les stars
95%
Cauchemar en cuisine
93%
Le meilleur pâtissier
92%
Les 12 coups de midi
91%
Pekin express
91%
L'amour est dans le pré
89%
Burger quiz
88%
Mask singer
87%
La france a un incroyable talent
85%
Les reines du shopping
84%
Secret story
84%
Scènes de ménage
77%
Slam
69%
Demain nous appartient
53%
Aucun quiz correspondant
Distribution des résultats
% des personnes avec chaque résultat
Percentile par nombre de réponses
Votre historique - résultats
Vous n’avez pas pris ce quiz